000 00275nam a22001337a 4500
008 210311b ||||| |||| 00| 0 eng d
041 _aeng
080 _a53
082 _a53
100 _a43
101 _aFIZ
245 _aPhysical Chemistry
_cMoore,J.W
942 _2udc
_cBK
999 _c56465
_d56465